| 000 | 00536nam a22001817a 4500 | ||
|---|---|---|---|
| 003 | OSt | ||
| 005 | 20260324111820.0 | ||
| 008 | 191010b ||||| |||| 00| 0 eng d | ||
| 020 | _a8184231334 | ||
| 040 | _coclc | ||
| 082 |
_a891.443 _bBAN/A |
||
| 100 |
_aBandyopadhyaya, Bibhoothibhooshan _96998 |
||
| 245 |
_aApuvinte Lokam / _cBibhoothibhooshan Bandyopadhyaya |
||
| 260 |
_aThrissur: _bGreen Books, _c2019. |
||
| 300 | _a280p | ||
| 700 | _aSarkar,Leela | ||
| 942 |
_2ddc _cBK _h891.443 _iBAN/A _k891.443 _mBAN/A |
||
| 999 |
_c40550 _d40550 |
||